000 00430nam a2200157Ia 4500
008 210716s2002 xx 000 0 und d
020 _a8174462570
041 _aeng
082 _a005.133 SINA
100 _aSinghal, Er Alok; Mishra, Adhir; Bhutani, K K.
245 _aProgramming and problem solving through c language.
250 _a1
260 _aNew Delhi
_bExcel Books
_c2002
300 _a276
650 _aC Programming
999 _c185101
_d185101